Sanat - "Arkihuolesi kaikki heitä" - Statistics

Yleistilastot
  • Tätä visaa on pelattu 61 kertaa
  • Keskiarvotulos 65 / 99
Vastaustilastot
Vastaus % Oikein
Arkihuolesi
100%
Arkihuolesi
100%
heitä
100%
heitä
100%
kaikki
100%
kaikki
100%
jo
89%
jo
89%
joulu
89%
joulu
89%
kutsuu
89%
kutsuu
89%
meitä
86%
meitä
86%
armas
83%
armas
83%
luo
83%
luo
83%
ja
81%
ja
81%
ja
81%
mi
81%
mi
81%
nousta
81%
nousta
81%
nuorena
81%
nuorena
81%
suo
78%
suo
78%
hellä
75%
hellä
75%
kun
75%
kun
75%
kun
75%
mieles
75%
mieles
75%
nyt
75%
nyt
75%
kylmä
72%
kylmä
72%
suurten
72%
suurten
72%
taasen
72%
taasen
72%
kellä
69%
kellä
69%
muistojen
69%
muistojen
69%
olla
69%
olla
69%
talven
67%
talven
67%
lämmin
61%
lämmin
61%
on
61%
voisko
61%
voisko
61%
joulutähti
58%
lähti
58%
henkäys
56%
henkäys
56%
säästä
56%
säästä
56%
siitä
56%
siunattu
56%
jäitä
53%
jäitä
53%
se
53%
Syttyi
53%
tuoksahtaa
53%
tuoksahtaa
53%
ihmisten
47%
kaukomaat
47%
kuusen
47%
lasten
47%
leuto
47%
leuto
47%
maailmaan
47%
rinnan
47%
rinnan
47%
hohde
44%
järvet
44%
kirkkahan
44%
määrätön
44%
raskaaseen
44%
siintää
44%
yöhön
44%
auvona
42%
kukkii
42%
luona
42%
onnelan
42%
viel
42%
liuottaa
39%
liuottaa
39%
loistavi
39%
teille
39%
heille
36%
päilyy
36%
haat
33%
Ehtoja vastaavia visoja ei löytynyt
Tulosjakauma
Jokaisen tuloksen saaneiden osuus
Persentiili vastausten määrän mukaan
Tuloshistoriasi
Et ole pelannut tätä visaa